MLB Player Positions - Statistics

General Stats
  • This quiz has been taken 356 times
    353 since last reset
  • The average score is 10 of 10
Answers on the Map
Answers color-coded by a green-red scale on the quiz's map according to % correct below.
 
Answer Stats
Answer % Correct
Pitcher
99%
Catcher
98%
First Base
98%
Second Base
98%
Third Base
98%
Right Field
96%
Centre Field
95%
Left Field
95%
Shortstop
95%
Hitter
94%
No matching quizzes found
Score Distribution
Percent of People with Each Score
Percentile by Number Answered
Your Score History
You have not taken this quiz since the last reset